书目信息 |
| 题名: |
淡水微型生物与底栖动物图谱
|
|
| 作者: | 周凤霞 , 陈剑虹 编 | |
| 分册: | ||
| 出版信息: | 北京 化学工业出版社 2017.1 |
|
| 页数: | 409页 | |
| 开本: | 21cm | |
| 丛书名: | ||
| 单 册: | ||
| 中图分类: | Q178.51-64 , Q958.8-64 | |
| 科图分类: | ||
| 主题词: | 淡水生物--微生物--图谱 , 底栖动物--图谱 | |
| 电子资源: | ||
| ISBN: | 978-7-122-10323-9 | |
| 000 | 00974nam0 2200277 450 | |
| 001 | 0400004503 | |
| 005 | 20171026094812.71 | |
| 010 | @a978-7-122-10323-9@dCNY36.00 | |
| 100 | @a20110419d2017 em y0chiy50 ea | |
| 101 | 0 | @achi |
| 102 | @aCN@b110000 | |
| 105 | @ay z 000yy | |
| 106 | @ar | |
| 200 | 1 | @a淡水微型生物与底栖动物图谱@9dan shui wei xing sheng wu yu di qi dong wu tu pu@f周凤霞,陈剑虹编@FZhou Feng Xia, Chen Jian Hong Bian |
| 205 | @a第2版 | |
| 210 | @a北京@c化学工业出版社@d2017.1 | |
| 215 | @a409页@d21cm | |
| 330 | @a本书收入了包括细菌、放线菌、真菌、蓝细菌、藻类、原生动物门、轮虫、节肢动物(枝角类、桡足类)八大类1800余种微型生物和120余种底栖动物的简介和图片。 | |
| 606 | 0 | @a淡水生物@x微生物@j图谱 |
| 606 | 0 | @a底栖动物@j图谱 |
| 690 | @aQ178.51-64@v4 | |
| 690 | @aQ958.8-64@v4 | |
| 701 | 0 | @a周凤霞@9zhou feng xia@4编 |
| 701 | 0 | @a陈剑虹@9chen jian hong@4编 |
| 801 | 0 | @aCN@b91MARC@c20171024 |
| 905 | @b1034971-5@dQ178.51-64@f5@e221=2 | |
| 淡水微型生物与底栖动物图谱/周凤霞,陈剑虹编.-第2版.-北京:化学工业出版社,2017.1 |
| 409页;21cm |
| ISBN 978-7-122-10323-9:CNY36.00 |
| 本书收入了包括细菌、放线菌、真菌、蓝细菌、藻类、原生动物门、轮虫、节肢动物(枝角类、桡足类)八大类1800余种微型生物和120余种底栖动物的简介和图片。 |
| ● |
| 相关链接 |
|
|
|
|
正题名:淡水微型生物与底栖动物图谱
索取号:Q178.51-64/221=2
 
预约/预借
| 序号 | 登录号 | 条形码 | 馆藏地/架位号 | 状态 | 备注 |
| 1 | 1034971 | 210349719 | 第二样本阅览室/ [索取号:Q178.51-64/221=2] | 在馆 | |
| 2 | 1034972 | 210349728 | 密集书库-生命科学系/ [索取号:Q178.51-64/221=2] | 在馆 | |
| 3 | 1034973 | 210349737 | 第三借阅区/ [索取号:Q178.51-64/221=2] | 在馆 | |
| 4 | 1034974 | 210349746 | 第三借阅区/ [索取号:Q178.51-64/221=2] | 在馆 | |
| 5 | 1034975 | 210349755 | 第三借阅区/ [索取号:Q178.51-64/221=2] | 在馆 |